00625nam a22001937a 450000500170000000800410001701000170005802000260007503500170010103700080011804000180012608200080014410000180015224501230017026000420029327000420033530000340037770000200041120140616142900.0080922t xxu||||| |||| 00| 0 eng d aB-348670-701 c325.00a9788131718261 aB-348670-701 bUBH adplbEnglish  a000 aThorpe, Edgar aThe pearson guide to the SSC combined graduate level (preliminary) examination /cby Edgar Thorpe [and] Showick Thorpe aNew Delhi bDorling Kindersleyc2008 a482, F.I.E. PatparganjbDelhie110092 aVarious pagings c25 cm (pbk) aThorpe, Showick